La lucha de Omar Torrijos por la recuperación de la integridad nacional /

সংরক্ষণ করুন:
গ্রন্থ-পঞ্জীর বিবরন
প্রধান লেখক: Tack, Juan Antonio
বিন্যাস: পাঠ‍্য
ট্যাগগুলো: ট্যাগ যুক্ত করুন
কোনো ট্যাগ নেই, প্রথমজন হিসাবে ট্যাগ করুন!

MARC

LEADER 00000 a a2200000 04500
001 9441
003
040
100 |a Tack, Juan Antonio  
245 |a La lucha de Omar Torrijos por la recuperación de la integridad nacional /  |c Juan Antonio Tack 
773 |g número 484; páginas 89-105  
999 |c 23061  |d 23061